| 000 | 00404nam a22001337a 4500 | ||
|---|---|---|---|
| 008 | 161102b xxu||||| |||| 00| 0 eng d | ||
| 050 | _aB3646.H646 2014 | ||
| 100 |
_aHill, John Michael _927214 |
||
| 245 |
_aAntonio Rosmini _bPersecuted prophet _cJohn Michael Hill |
||
| 260 |
_aWiltshire _bGracewing _c2014 |
||
| 300 |
_axiv, 287p. ; _c22cm. |
||
| 600 |
_aRosmini, Antonio _95850 |
||
| 942 |
_2lcc _cMONOGRAPH |
||
| 999 |
_c125647 _d125647 |
||